000 00303nam a2200109Ia 4500
008 230907s9999||||xx |||||||||||||| ||und||
082 _a620.115,NAN
245 0 _aNanofabrication and its application in renewable energy/
260 _aRoyal Society
_bNew York
_c2014
300 _axiv,225p.:
942 _cBK
999 _c597966
_d597966